<?xml version="1.0" encoding="UTF-8"?>
<collection xmlns="http://www.loc.gov/MARC21/slim">
 <record>
  <leader>00441pamaa2200157   4500</leader>
  <controlfield tag="001">0000024562</controlfield>
  <controlfield tag="005">20070103090000.0</controlfield>
  <datafield tag="020" ind1="0" ind2="0">
   <subfield code="a">0947757562 </subfield>
  </datafield>
  <datafield tag="090" ind1="0" ind2="0">
   <subfield code="a">PT2661.R86 </subfield>
   <subfield code="b">ART 1993</subfield>
  </datafield>
  <datafield tag="100" ind1="1" ind2="0">
   <subfield code="a">ARTMANN </subfield>
  </datafield>
  <datafield tag="245" ind1="1" ind2="4">
   <subfield code="a">The Quest for Dr. U  </subfield>
   <subfield code="c">Hans Carl Aetmann; translated by Malcolm Green and Derk Wynand.</subfield>
  </datafield>
  <datafield tag="260" ind1="0" ind2="0">
   <subfield code="a">London: </subfield>
   <subfield code="b">Atlas Press, </subfield>
   <subfield code="c">1977.</subfield>
  </datafield>
  <datafield tag="300" ind1=" " ind2=" ">
   <subfield code="a">115p.; </subfield>
   <subfield code="c">21cm.</subfield>
  </datafield>
  <datafield tag="650" ind1="0" ind2="0">
   <subfield code="a">Fiction </subfield>
  </datafield>
  <datafield tag="700" ind1="1" ind2="1">
   <subfield code="a">Green, </subfield>
   <subfield code="h">Malcolm </subfield>
  </datafield>
  <datafield tag="700" ind1="1" ind2="1">
   <subfield code="a">Wynand, </subfield>
   <subfield code="h">Derk </subfield>
  </datafield>
 </record>
</collection>
